The Indian state since independence 70 years / (Record no. 151985)

MARC details
000 -LEADER
fixed length control field 00664nam a22001937a 4500
005 - DATE AND TIME OF LATEST TRANSACTION
control field 20180510141910.0
010 ## - LCCN (DPL NO)
LC control number ENG-122970
020 ## - INTERNATIONAL STANDARD BOOK NUMBER
International Standard Book Number 9789386262417
Terms of availability 1250.00
035 ## - SYSTEM CONTROL NUMBER
System control number EN-106502
037 ## - SOURCE OF ACQUISITION
Source of stock number/acquisition DBAD/PUB
082 ## - DEWEY DECIMAL CLASSIFICATION NUMBER
Classification number 954.04
100 ## - MAIN ENTRY--PERSONAL NAME
Personal name Bhambhri, C.P.
245 ## - TITLE STATEMENT
Title The Indian state since independence 70 years /
Statement of responsibility, etc by C.P. Bhambhri
260 ## - PUBLICATION, DISTRIBUTION, ETC. (IMPRINT)
Place of publication, distribution, etc New Delhi
Name of publisher, distributor, etc Shipra Publications
Date of publication, distribution, etc 2017
270 ## - ADDRESS
Address H.O. LG 18-19, Pankaj Central Market, Patparganj, I.P. Extn.
City Delhi
Postal code 110092
Telephone number 011-22235152/6152
Electronic mail address info@shiprapublication.com
300 ## - PHYSICAL DESCRIPTION
Extent x, 225p.
Dimensions 22cm(Hb)
Other physical details ill.
500 ## - GENERAL NOTE
General note It include index
942 ## - ADDED ENTRY ELEMENTS (KOHA)
Source of classification or shelving scheme Dewey Decimal Classification
Item type English Books
Classification part 954.04
Call number suffix BHA
Holdings
Withdrawn status Lost status Not for loan Collection code Home library Current library Date acquired Source of acquisition Cost, normal purchase price Full call number Barcode Copy number Cost, replacement price Koha item type
    Not For Loan Non-fiction D.B.Act.Division Patel Nagar 10/05/2018 DBAD/PUB 1250.00 954.04 BHA EN-106502 1 1250.00 English Books

© Delhi Public Library
Hit Counter
free hit counter